Pozitíva a negatíva automobilového priemyslu

Historické koreňe automobilového priemyslu. Automobilový priemysel ako odvetvie na Slovensku. Pozitíva a negatíva automobilového priemyslu.

Guardado en:
Detalles Bibliográficos
Autor principal: Nováková, Renáta
Formato: Capítulo de libro
Lenguaje:eslovaco
Materias:
Etiquetas: Agregar Etiqueta
Sin Etiquetas, Sea el primero en etiquetar este registro!

MARC

LEADER 00000naa$a2200000$$$4500
001 0040397
005 20231013084009.9
041 0 |a slo 
044 |a SK 
245 1 0 |a Pozitíva a negatíva automobilového priemyslu  |c Renáta Nováková 
520 |a Historické koreňe automobilového priemyslu. Automobilový priemysel ako odvetvie na Slovensku. Pozitíva a negatíva automobilového priemyslu. 
610 2 0 |a história 
610 2 0 |a priemysel automobilový 
610 2 0 |a Slovensko 
610 2 0 |a investície 
610 2 0 |a investori 
610 2 0 |a rast hospodársky 
100 1 |a Nováková, Renáta